Derivátové nástroje ako predmet účtovníctva diplomová práca

Guardado en:
Detalles Bibliográficos
Autor principal: Kavecká, Martina
Autor Corporativo: Fakulta hospodárskej informatiky EU. Katedra účtovníctva a audítorstva
Otros Autores: Szász, Marek
Formato: Libro
Lenguaje:eslovaco
Publicado: Bratislava 2015
Etiquetas: Agregar Etiqueta
Sin Etiquetas, Sea el primero en etiquetar este registro!

MARC

LEADER 00000nbm a2200000 4500
001 0203503
005 20161212112614.1
041 0 |a slo 
044 |a SK 
245 1 0 |a Derivátové nástroje ako predmet účtovníctva  |b diplomová práca  |c Martina Kavecká ; školiteľ: Marek Szász 
264 1 |a Bratislava  |c 2015 
300 |a 58 s. 
100 1 |a Kavecká, Martina 
700 1 |a Szász, Marek 
710 2 |a Fakulta hospodárskej informatiky EU. Katedra účtovníctva a audítorstva